000 00276 a2200085 4500
082 _a333.7140954 BAN
245 _aPakistan Strategic Country Environmental Assessment [vol 1] /
_cThe World Bank
260 _aAsia :
_bThe World Bank,
_c2006
300 _avi, 42p. :
_bill. ;
_c30 cm
650 _aCountry Environment
999 _c2072
_d2072